Nanina
Guardat en:
| Autor principal: | |
|---|---|
| Format: | Llibre |
| Idioma: | espanyol |
| Publicat: |
Buenos Aires
Jorge Alvarez
1968
|
| Col·lecció: | Colección Narradores Argentinos
|
| Matèries: | |
| Etiquetes: |
Afegir etiqueta
Sense etiquetes, Sigues el primer a etiquetar aquest registre!
|
MARC
| LEADER | 00000nam a2200000 a 4500 | ||
|---|---|---|---|
| 001 | UCT6549 | ||
| 003 | CL-VaPUC | ||
| 008 | 970113e19680000AG |||||||||||||||||spa|d | ||
| 082 | 0 | 4 | |a Ar863 |b GAR |2 21 |
| 100 | 0 | |a García, Germán Leopoldo |e author |9 376787 | |
| 245 | 1 | 0 | |a Nanina |
| 300 | |a 277 p | ||
| 942 | |c BK | ||
| 945 | |d 19970113 00:00:00 |a nastorga | ||
| 260 | |a Buenos Aires |b Jorge Alvarez |c 1968 | ||
| 650 | 0 | |a Novelas argentinas |9 267871 | |
| 583 | |a last modification |c 19970113 00:00:00 |k Rodrigo Vera | ||
| 490 | 0 | |a Colección Narradores Argentinos | |
| 999 | |c 255238 |d 255236 | ||
| 952 | |0 0 |1 0 |4 0 |6 AR_863_000000000000000_GAR_1968 |7 0 |8 A |9 277407 |a BIBEDU |b BIBEDU |d 2019-11-19 |i 3266125 |o Ar863 GAR 1968 |p 3266125 |r 2019-11-19 |w 2019-11-19 |y BK |k LIT | ||
| 952 | |0 0 |1 0 |4 0 |6 AR_863_000000000000000_GAR_1968 |7 0 |8 A |9 277408 |a BIBEDU |b BIBEDU |d 2019-11-19 |i 3266133 |o Ar863 GAR 1968 |p 3266133 |r 2019-11-19 |w 2019-11-19 |y BK |k LIT | ||